Представление документа в формате MARC21

Поле Инд. ПП Название Значение
Тип записи a
Библиографический уровень m
001 Контрольный номер 2a6f5cfe3bcd47fd84469aa10f77bbbb
005 Дата корректировки 20201116161010.0
008 Кодируемые данные 201116s1992 ru |||||||||||000|||rus|d
040 a Служба первич. каталог. ЦГБ г. В. Луки
b Код языка каталог. rus
041 0_ a Код языка текста rus
084 2 Источник индекса rubbk
a Индекс другой классификации/Индекс ББК 65.9(2)
090 x Авторский знак М 18
j Имя библиотеки ЦГБ г. В. Луки
097 b Оператор КИС-р
245 10 a Заглавие Малая приватизация в Российской Федерации: Нижегородская модель
b Продолж. заглавия пособие для должн. лиц муницип. уровня
260 a Место издания Москва
b Издательство Изд. Правит. РФ
c Дата издания 1992
300 a Объем 73 с.
650 14 a Основная рубрика Приватизация
653 1_ a Ключевые слова приватизация
901 t Тип документа m